000 01164nam a2200313 a 4500
001 000113282
003 CHAP
005 20220329144347.0
008 170531s2016 mx sm |||||||spa d
010 _a109743
011 _a110715
040 _cCHAP
090 _aTesis
100 1 _aOrtiz Rojas, Alonso
_9132423
245 1 0 _aEfecto de densidad de siembra en el rendimiento de tres variedades de amaranto (Amaranthus hypochondriacus L.) en La Comarca Lagunera
_h[En línea]
_cpor Alonso Ortiz Rojas.
260 _aDurango, Méx. :
_bEl autor,
_c2016.
500 _aPara ver el contenido del material haga clic en la liga
502 _aTesis (Ing. en Sistemas Agricolas) -- UACH. Unidad Regional Universitaria de Zonas Áridas
590 _aE5765TAJ
_b05
_c20170531
_lUCH01
_h0924
590 _aE5765TAJ
_b05
_c20170531
_lUCH01
_h0924
650 1 4 _aAmaranto
_xDensidad de siembra.
_9131387
650 1 4 _aAmaranto
_xEspaciamiento.
_95122
650 1 4 _aAmaranto
_xRendimiento.
_95140
650 1 4 _aAmaranto
_xVariedades.
_95146
856 _aFinding aid
_uhttp://10.13.5.2/tesis/sist113282.pdf
_zTeclea aquí
901 _aBK
942 _cTESIS
942 _n0
999 _c109743
_d109743